000 00346nam a22001217a 4500
082 _a915.4 TOY
100 _aTOYNBEE, ARNOLD J
_96611
245 _aBETWEEN OXUS AND JUMNA
260 _aLONDON
_bOXFORD
_c1961
300 _a211P
650 _a TRAVELOGUE BY ONE OF THE 20TH CENTURY'S GREATEST HISTORIANS.BETWEEN OXUS AND JUMNA
_974821
942 _cBK
999 _c580323
_d580323